[Event "FRA-ch U16"]
[Site "Aix les Bains"]
[Date "2006.??.??"]
[Round "1"]
[White "Colovray, Anthony"]
[Black "Lepot, Simon"]
[Result "1/2-1/2"]
[WhiteElo "2080"]
[BlackElo "1921"]
[PlyCount "64"]
[EventDate "2006.04.16"]
[EventType "swiss"]
[EventRounds "9"]
[EventCountry "FRA"]
[SourceTitle "EXT 2007"]
[Source "ChessBase"]
[SourceDate "2006.11.23"]
[SourceVersion "1"]
[SourceVersionDate "2006.11.23"]
[SourceQuality "1"]

1. d4 Nf6 2. c4 e6 3. Nf3 b6 4. Nc3 Bb4 5. e3 c5 6. a3 Bxc3+ 7. bxc3 Nc6 8. Be2 0-0 9. Qc2 Ba6 10. 0-0 Na5 11. Nd2 Rc8 12. Rd1 cxd4 13. cxd4 d5 14. a4 Nxc4 15. Nxc4 Bxc4 16. Bxc4 Rxc4 17. Qb3 Ne4 18. Ba3 Re8 19. Rac1 Rxc1 20. Rxc1 Nd2 21. Qb5 Nc4 22. Bb4 a5 23. Be1 h6 24. Rc3 Kf8 25. f3 Qg5 26. Bg3 f5 27. Kf2 Qe7 28. Qc6 Kf7 29. e4 Qb4 30. Rc2 Qb3 31. Re2 Qd3 32. Be5 Nxe5 1/2-1/2